Creating a culture of competence
Αποθηκεύτηκε σε:
| Κύριος συγγραφέας: | |
|---|---|
| Μορφή: | Βιβλίο |
| Γλώσσα: | English |
| Δημοσίευση: |
New York :
John Wiley & Sons,
c2000
|
| Θέματα: | |
| Ετικέτες: |
Προσθήκη ετικέτας
Δεν υπάρχουν, Καταχωρήστε ετικέτα πρώτοι!
|
MARC
| LEADER | 00000cam a2200000 i 4500 | ||
|---|---|---|---|
| 001 | 1/16717 | ||
| 008 | 010202s2000 eng d | ||
| 020 | |a 0-471-35074-5 | ||
| 035 | |l 10065878 | ||
| 040 | |a GR-MY-UA |b gre |e aacr | ||
| 041 | 0 | |a eng | |
| 082 | 0 | |a 658 | |
| 100 | 1 | |a Zwell, Michael. | |
| 245 | 1 | 0 | |a Creating a culture of competence / |c Michael Zwell |
| 260 | |a New York : |b John Wiley & Sons, |c c2000 | ||
| 300 | |a viii, 344 p. | ||
| 504 | |a Includes bibliography and index | ||
| 650 | 0 | 0 | |a Management. |
| 650 | 0 | 0 | |a Performance standards. |
| 650 | 0 | 0 | |a Interpersonal relations. |
| 852 | |a INST |b CHIOS |e 20010202 |h 658 ZWE |p 005200016918 |q 005200016918 |t BK |y 0 | ||
| 901 | |a BIBL2-2001-1 | ||
| 909 | |a Χ |b 076251 | ||
| 970 | |a ΣΠΕΝΤΖΑ |b ΕΛΕΝΗ |z 2001/02/02 | ||